<?xml version="1.0" encoding="UTF-8"?>
<record
    xmlns:xsi="http://www.w3.org/2001/XMLSchema-instance"
    xsi:schemaLocation="http://www.loc.gov/MARC21/slim http://www.loc.gov/standards/marcxml/schema/MARC21slim.xsd"
    xmlns="http://www.loc.gov/MARC21/slim">

  <leader>00681nam a22001817a 4500</leader>
  <controlfield tag="003">UA-OsUOA</controlfield>
  <controlfield tag="001"> 16488 </controlfield>
  <controlfield tag="007">ta</controlfield>
  <controlfield tag="008">20040112b un ||||| |||| 00| 0 ukr d</controlfield>
  <datafield tag="100" ind1=" " ind2=" ">
    <subfield code="a">&#x422;&#x43E;&#x440;&#x433;&#x443;&#x43D; &#x42E;.</subfield>
  </datafield>
  <datafield tag="942" ind1=" " ind2=" ">
    <subfield code="c">SA</subfield>
  </datafield>
  <datafield tag="040" ind1=" " ind2=" ">
    <subfield code="a">UA-OsUOA</subfield>
    <subfield code="c">UA-OsUOA</subfield>
    <subfield code="d">UA-OsUOA</subfield>
  </datafield>
  <datafield tag="245" ind1=" " ind2=" ">
    <subfield code="a">&#x422;&#x437;&#x41E;&#x412; "&#x415;&#x43A;&#x43E;&#x442;&#x435;&#x440;&#x43C;"</subfield>
    <subfield code="b">[&#x406;&#x43D;&#x442;&#x435;&#x440;&#x432;'&#x44E; &#x433;&#x435;&#x43D;. &#x434;&#x438;&#x440;. &#x422;&#x437;&#x41E;&#x412; "&#x415;&#x43A;&#x43E;&#x442;&#x435;&#x440;&#x43C;" , &#x44F;&#x43A;&#x435; &#x437;&#x430;&#x439;&#x43C;&#x430;&#x454;&#x442;&#x44C;&#x441;&#x44F; &#x432;&#x438;&#x440;-&#x432;&#x43E;&#x43C; &#x43F;&#x456;&#x43D;&#x43E;&#x441;&#x442;&#x438;&#x440;&#x43E;&#x43B;&#x44C;&#x43D;&#x438;&#x445; &#x43F;&#x43B;&#x438;&#x442;, &#x42E;.&#x422;&#x43E;&#x440;&#x433;&#x443;&#x43D;&#x430;]/ &#x406;&#x43D;&#x442;&#x435;&#x440;&#x432;'&#x44E; &#x432;&#x437;&#x44F;&#x432; &#x404;.&#x426;&#x438;&#x43C;&#x431;&#x430;&#x43B;&#x44E;&#x43A;</subfield>
  </datafield>
  <datafield tag="300" ind1=" " ind2=" ">
    <subfield code="a">&#x421;.3</subfield>
  </datafield>
  <datafield tag="955" ind1=" " ind2=" ">
    <subfield code="a">0</subfield>
  </datafield>
  <datafield tag="773" ind1="0" ind2=" ">
    <subfield code="w">0</subfield>
    <subfield code="t">&#x421;&#x456;&#x43C; &#x434;&#x43D;&#x456;&#x432;</subfield>
    <subfield code="d">&#x420;&#x456;&#x432;&#x43D;&#x435;</subfield>
    <subfield code="d">2003</subfield>
    <subfield code="g">&#x2116;49/5 &#x433;&#x440;&#x443;&#x434;./</subfield>
  </datafield>
  <datafield tag="650" ind1=" " ind2="7">
    <subfield code="a">&#x415;&#x43A;&#x43E; &#x422;&#x435;&#x440;&#x43C;</subfield>
    <subfield code="2">UDC</subfield>
  </datafield>
  <datafield tag="999" ind1=" " ind2=" ">
    <subfield code="c">302653</subfield>
    <subfield code="d">302653</subfield>
  </datafield>
</record>
